[Event "Velammal-AICF Women GM 2019"]
[Site "Chennai"]
[Date "2019.02.04"]
[Round "11.3"]
[White "Sapale Saloni"]
[Black "Aakanksha Hagawane"]
[Result "1/2-1/2"]
[WhiteElo "2198"]
[BlackElo "2259"]
[Annotator "TA"]
[PlyCount "69"]
[EventDate "2019.01.28"]
[EventType "swiss"]
[EventCountry "IND"]
[SourceTitle "playchess.com"]
[Source "ChessBase"]
[SourceQuality "1"]

{[%evp 17,69,6,18,20,19,17,10,-5,-7,-4,15,13,9,-13,60,10,12,5,12,6,25,10,25,37,21,20,33,25,31,25,26,16,91,82,155,156,160,155,154,154,177,146,179,146,146,146,146,146,146,142,142,142,142,142]} 1. e4 e5 2. Nf3 Nc6 3. Bb5 a6 4. Ba4 Nf6 5. O-O Nxe4 6. d4 b5 7. Bb3 d5 8. Nxe5 Nxe5 9. dxe5 Be6 10. Be3 {C80: Open Ruy Lopez: Sidelines and 9 Nbd2} ({Predecessor:} 10. c3 Be7 {½-½ (32) Sugden,J (2173)-Fryer,D (2072) Hinckley Island 2008}) 10... Be7 11. c3 Qd7 $146 (11... O-O 12. f3 Nc5 13. Bc2 Nd7 14. f4 f5 15. Nd2 c5 16. Nf3 Nb6 17. Bf2 Rb8 {1-0 (29) Piorun,K (2653)-Lomasov,S (2551) Batumi 2018}) 12. f3 {The position is equal.} ({Predecessor:} 12. Nd2 f5 13. Nxe4 fxe4 14. f3 exf3 15. Qxf3 O-O-O 16. a4 Rdf8 17. Qe2 Rxf1+ 18. Qxf1 {½-½ (32) Sugden,J (2173)-Fryer,D (2072) Hinckley Island 2008}) 12... Nc5 $1 13. Bc2 Rd8 14. b4 Na4 15. Qe2 Nb6 (15... a5 $11) 16. Rd1 Nc4 17. Bd4 O-O 18. Nd2 Nxd2 19. Qxd2 c5 20. bxc5 Rc8 21. Qf2 Qc7 22. f4 $40 {[%mdl 128] aiming for f5. White attacks.} Bxc5 23. Bd3 Bxd4 24. cxd4 f5 (24... f6 $1 $11 {keeps the balance.}) 25. a4 $16 Qc6 ({Black should play} 25... Bd7) 26. axb5 {White is clearly better.} axb5 27. Rab1 Rb8 {[%cal Bc8b8,Bb8b6,Bb6c6][%mdl 32]} 28. Rdc1 Qd7 29. Rb4 Rb6 30. Rcb1 Rfb8 31. h3 Qc6 32. Qb2 Bd7 33. Rc1 Qh6 34. Qd2 Rc6 35. Rcb1 {Accuracy: White = 65%, Black = 46%.} 1/2-1/2

[Event "Velammal-AICF Women GM 2019"]
[Site "Chennai"]
[Date "2019.02.04"]
[Round "11.4"]
[White "Munguntuul, Batkhuyag"]
[Black "Babiy, Olga"]
[Result "1-0"]
[WhiteElo "2428"]
[BlackElo "2275"]
[Annotator "TA"]
[PlyCount "137"]
[EventDate "2019.01.28"]
[EventType "swiss"]
[EventCountry "IND"]
[SourceTitle "playchess.com"]
[Source "ChessBase"]
[SourceQuality "1"]

{[%evp 16,137,27,18,16,14,14,8,11,11,9,5,12,15,14,17,32,28,29,18,34,38,64,64,98,67,91,61,69,31,42,47,47,33,50,32,29,32,45,39,56,54,58,61,107,98,106,100,124,88,112,83,131,80,122,116,124,98,201,188,167,195,180,177,173,166,232,200,216,206,198,194,200,200,196,197,197,194,196,195,196,191,275,191,182,0,266,254,268,281,297,293,394,383,422,416,407,354,324,326,331,307,423,379,333,297,295,260,581,571,553,566,561,560,539,539,616,613,691,668,702,693,710,701]} 1. e4 c5 2. Nf3 e6 3. d4 cxd4 4. Nxd4 Nc6 ({Predecessor:} 4... a6 5. Nc3 Nc6 6. Bc4 Qc7 7. Nxc6 dxc6 8. O-O b5 9. Bd3 e5 10. a4 b4 11. Nb1 Nf6 12. Nd2 Bc5 13. Nc4 {1-0 (40) Fridh,A (2270)-Lekander,R (2285) Boras 1979}) 5. Nc3 Qc7 $146 (5... a6 6. Be2 {1-0 (34) Navara,D (2725)-Movsesian,S (2673) Prague 2016}) 6. Be2 a6 7. O-O b5 8. Nxc6 dxc6 9. a4 {[%cal Ra4b5]} b4 {B47: Sicilian: Taimanov: 5 Nc3 Qc7 6 f4, 6 g3 and 6 Be2} 10. Nb1 $1 {[%cal Bc3b1,Bb1d2,Bd2c4][%mdl 32]} Nf6 11. Nd2 a5 {The position is equal.} (11... Bd6 12. Kh1 Bxh2 13. g3 Bxg3 14. fxg3 Qxg3 15. Qe1 Qh3+ 16. Kg1 Ng4 17. Nf3 {1-0 (34) Navara,D (2725)-Movsesian,S (2673) Prague 2016}) 12. Bd3 Bc5 13. Nc4 e5 (13... O-O {seems wilder.} 14. Qf3 Nd7 15. Qg4 Re8 16. Bh6 Bf8) 14. Qf3 O-O 15. Bg5 $36 {[%mdl 2048] White has good play.} Ne8 16. Rad1 Be6 17. Qg3 f6 18. Be3 Qa7 19. Be2 Rf7 20. h3 Bxe3 21. Qxe3 ({But not} 21. fxe3 $6 Kh8 $11) 21... Kf8 22. Rd2 (22. Qf3 {looks sharper.} Qc7 23. Rd2 Rd7 24. Rxd7 Bxd7 25. Rd1) 22... Bxc4 23. Bxc4 Qxe3 24. fxe3 Rc7 25. Rfd1 Ke7 26. Be2 Raa7 27. Bg4 $1 g6 28. h4 h5 29. Bh3 $1 Rab7 30. Kf1 Ra7 31. Ke2 Rab7 32. Kf3 Ra7 33. g3 Rab7 34. Rd3 ({White should try} 34. Rd8) 34... Ra7 35. Rd8 Rcb7 36. Rc8 Rb6 (36... Rc7 $16 {was worth a try.}) 37. b3 $18 Rbb7 38. Rxc6 Rc7 39. Re6+ Kf7 40. Rd2 Rc5 (40... Rab7 $142 41. Rd8 Ng7) 41. Rb6 $1 Rac7 42. Be6+ Ke7 43. Bc4 $1 R5c6 {[#]} 44. Rxc6 $1 Rxc6 {[%mdl 4096] Endgame KRB-KRN} 45. Rd5 Nd6 46. Bd3 ({Resist} 46. Rxa5 $6 Nxc4 47. bxc4 Rxc4 $16) 46... Nb7 {[#]} 47. Rb5 $1 {[%cal Rb5b7]} Rc7 48. Ke2 Kd7 (48... Kf7 {is a better defense.} 49. Bc4+ Ke7) 49. Kd2 Ke7 50. Ke2 (50. Ke1 $142) 50... Kd7 $1 51. Rb6 Nd6 52. Ra6 Rc5 53. Ra7+ Rc7 54. Rxa5 Ke7 55. Ra6 f5 56. Kd2 fxe4 57. Bf1 Rd7 58. Bh3 Rd8 59. Ke2 Rb8 60. Ra7+ Kf6 61. Kd2 Nb7 $2 (61... Nf5 {is tougher.} 62. Ra6+ Kf7 63. Bxf5 gxf5) 62. Ra6+ {White is clearly winning.} Kf7 63. Rb6 Rd8+ 64. Ke2 Nd6 65. Rxb4 Ke7 66. Rb6 Ra8 67. c4 Ra5 68. Rc6 Ra7 69. Kd2 {Accuracy: White = 76%, Black = 46%.} 1-0

[Event "Velammal-AICF Women GM 2019"]
[Site "Chennai"]
[Date "2019.02.04"]
[Round "11.5"]
[White "Varshini, V."]
[Black "Uuriintuya, Uurtsaikh"]
[Result "0-1"]
[WhiteElo "2171"]
[BlackElo "2314"]
[Annotator "TA"]
[PlyCount "132"]
[EventDate "2019.01.28"]
[EventType "swiss"]
[EventCountry "IND"]
[SourceTitle "playchess.com"]
[Source "ChessBase"]
[SourceQuality "1"]

{[%evp 16,132,13,-10,0,-35,-9,-8,-8,0,35,7,47,42,54,62,67,36,30,40,42,43,43,37,30,36,75,86,118,118,180,165,160,160,163,164,218,190,214,216,288,282,348,358,454,327,316,65,152,156,135,0,179,44,111,127,110,106,216,205,629,622,615,606,576,158,162,191,144,156,148,128,183,0,0,0,0,0,0,0,0,-14,-30,-51,-34,-103,-97,-116,-106,-5518,-661,-1436,-272,-29975,-29975,-29973,-29975,-6718,-2993,-29988,-29989,-29989,-29988,-29990,-29991,-29991,-29992,-29992,-29990,-29991,-29992,-29995,-29994,-29994,-29995,-29995,-29996,-29996,-29997]} 1. e4 c5 2. Nc3 g6 $146 (2... d6 3. g3 Nc6 4. Bg2 g6 5. d3 {½-½ (19) Wen,Y (2605)-Zhou,J (2597) Shenzhen 2017}) ({Predecessor:} 2... Nc6 3. g3 g6 4. Bg2 {1-0 (60) Eche,S (2186)-Tupet,G (2051) France 2008}) 3. g3 Bg7 4. Bg2 Nc6 5. d3 d6 6. Be3 ({Predecessor:} 6. Nge2 e6 7. Be3 Nd4 8. Qd2 {1-0 (60) Eche,S (2186)-Tupet,G (2051) France 2008}) 6... e6 7. Qd2 Rb8 8. Nge2 Nd4 9. Nd1 ({Predecessor:} 9. Nc1 Ne7 {1-0 (60) Eche,S (2186)-Tupet,G (2051) France 2008}) 9... Ne7 {B26: Closed Sicilian: 3 g3, lines with early Be3} 10. Nc1 b6 (10... e5 11. c3 Ne6 12. Ne2 d5 13. exd5 Nxd5 14. Bh6 O-O 15. O-O Bxh6 16. Qxh6 b6 17. Ne3 Nxe3 18. Qxe3 Qd6 19. Rad1 {½-½ (19) Wen,Y (2605)-Zhou,J (2597) Shenzhen 2017}) 11. c3 Ndc6 {The position is equal.} 12. Bh6 Bf6 ({Predecessor:} 12... Bxh6 13. Qxh6 Ng8 14. Qd2 Nge7 15. O-O O-O 16. Ne3 d5 17. Ng4 dxe4 {1-0 (60) Eche,S (2186)-Tupet,G (2051) France 2008}) 13. Ne2 Ne5 14. d4 Ng4 15. Bg5 Bg7 16. h3 $36 {[%mdl 2048] White fights for an advantage.} Nf6 $1 17. Bh6 O-O 18. Bxg7 Kxg7 19. Ne3 Bb7 20. d5 Qd7 21. g4 Rbe8 {White should prevent ...exd5.} 22. c4 $1 h5 (22... exd5 $16 23. exd5 b5) 23. g5 Nh7 24. h4 exd5 25. cxd5 Qa4 (25... Ba6 $142 26. b3 Nc8) 26. b3 $18 Qa6 27. O-O Bc8 28. f4 Bd7 29. f5 f6 30. Ng3 fxg5 31. Qb2+ $2 (31. fxg6 $18 Nxg6 32. hxg5) 31... Kh6 ({Better is} 31... Kg8 $1 $14) 32. fxg6 $16 {[%mdl 64] Trapped Piece} Qd3 33. Rae1 ({White should try} 33. gxh7 $16 Qxe3+ {[%mdl 64] Double Attack} 34. Kh2) 33... Kxg6 $2 (33... Nxg6 $11 {and Black is okay.} 34. Ngf5+ Bxf5 35. hxg5+ (35. Nxf5+ Rxf5 36. Rxf5 Qg3 $11) 35... Nxg5 36. Nxf5+ Rxf5 37. Rxf5 Re5) 34. e5 (34. Rxf8 $1 $18 Rxf8 35. e5) 34... Rxf1+ ({Black should play} 34... Qd4 $1 $14 35. Qxd4 cxd4) 35. Bxf1 Qd4 36. Qc2+ Kh6 (36... Kg7 $16 {is a better defense.}) 37. e6 $18 gxh4 $2 (37... Bxe6 38. dxe6 Rf8) 38. exd7 Rg8 39. Qf2 hxg3 {[#]} 40. Nf5+ $1 {[%mdl 512]} Nxf5 $16 41. Qxd4 Nxd4 (41... cxd4 $2 {perishes.} 42. Re8 $18) 42. Re8 Nf6 43. d8=Q $1 {[%cal Rd8f6]} Nxe8 44. Bg2 $2 (44. Qe7 $18 g2 45. Bxg2 Nf3+ 46. Kh1) 44... Ne2+ 45. Kh1 Nf4 46. Qe7 {Hoping for Qf7.} Ng6 47. Qe3+ Kg7 $1 {Strongly threatening ...h4.} 48. Qxg3 (48. Bh3 {keeps more tension.} g2+ 49. Kh2 Kf8 50. Bxg2 Ne5 51. Qh6+) 48... h4 49. Qd3 Nf6 50. Qa6 {[#]} (50. Bh3 $1 $15) 50... Re8 $1 $17 {[%cal Re8e1] aiming for ...Re1+.} 51. Qxa7+ {[#]} Kh6 $1 52. Qa4 $2 {[%mdl 8192]} ({Wrong is} 52. Qxb6 $2 Re1+ 53. Bf1 (53. Kh2 {gets mated.} Ng4+ 54. Kh3 Kh5 55. Qxd6 Re3+ 56. Bf3 Rxf3+ 57. Kg2 Rf2+ {[%mdl 64] Double Attack} 58. Kh1 Nf4 59. Qxc5 Rf1+ 60. Qg1 Rxg1+ 61. Kxg1 h3 62. Kf1 h2 63. Ke1 h1=Q+ 64. Kd2 Qe4 65. Kc3 Ne3 66. b4 Qd3+ 67. Kb2 Nc4+ 68. Kc1 Ne2#) 53... Rxf1+ $19) (52. Bh3 $17) 52... Kg5 (52... Re1+ $142 53. Bf1 Rxf1+ 54. Kg2 Rc1) 53. Bf3 Nf4 $2 (53... Re3 54. Qb5 Rxf3 55. Qxb6 Nf4) 54. Qa7 $2 (54. Qa6 $19 Re1+ 55. Kh2) 54... Re3 55. Qg7+ Kf5 56. Bd1 Re1+ (56... Rh3+ $142 57. Kg1 Rg3+ 58. Qxg3 hxg3) 57. Kh2 Rxd1 {Black mates.} 58. Qf7 Rxd5 59. Qf8 Rd2+ 60. Kh1 h3 61. a3 Kg5 62. Qg7+ Ng6 63. b4 Ng4 {[%cal Rd2d1]} 64. Qa1 Rh2+ 65. Kg1 Rg2+ 66. Kf1 Ne3+ {Accuracy: White = 38%, Black = 33%.} 0-1

[Event "Velammal-AICF Women GM 2019"]
[Site "Chennai"]
[Date "2019.02.04"]
[Round "11.6"]
[White "Franco Valencia, Angela"]
[Black "Nakhbayeva, Guliskhan"]
[Result "1/2-1/2"]
[WhiteElo "2107"]
[BlackElo "2336"]
[Annotator "ChessBase"]
[PlyCount "140"]
[EventDate "2019.01.28"]
[EventType "swiss"]
[EventCountry "IND"]
[SourceTitle "playchess.com"]
[Source "ChessBase"]
[SourceQuality "1"]
[TimeControl "5400+30"]

1. e4 {[%emt 0:00:00]} e6 {[%emt 0:00:00]} 2. d4 {[%emt 0:00:00]} d5 {[%emt 0:00:00]} 3. Nd2 {[%emt 0:00:04]} Nf6 {[%emt 0:00:00]} 4. e5 {[%emt 0:00:12]} Nfd7 {[%emt 0:00:00]} 5. Bd3 {[%emt 0:00:07]} c5 {[%emt 0:00:01]} 6. c3 {[%emt 0:00:05]} Nc6 {[%emt 0:00:02]} 7. Ngf3 {[%emt 0:00:52]} Be7 {[%emt 0:00:16]} 8. O-O {[%emt 0:00:18]} g5 {[%emt 0:00:13]} 9. dxc5 {[%emt 0:00:16]} g4 {[%emt 0:00:14]} 10. Nd4 {[%emt 0:00:09]} Ndxe5 11. Bb5 Bd7 {[%emt 0:00:57]} 12. N2b3 {[%emt 0:01:56]} a6 {[%emt 0:08:05]} 13. Bxc6 {[%emt 0:00:19]} bxc6 {[%emt 0:00:13]} 14. f4 {[%emt 0:03:34]} gxf3 {[%emt 0:02:46]} 15. Nxf3 {[%emt 0:00:07]} Ng6 {[%emt 0:00:09]} 16. Bh6 {[%emt 0:03:07]} Qc7 {[%emt 0:09:31]} 17. Qe2 {[%emt 0:03:55]} f6 {[%emt 0:08:19]} 18. Nfd4 {[%emt 0:06:00]} Qe5 {[%emt 0:06:33]} 19. Qd2 {[%emt 0:08:24]} f5 {[%emt 0:02:05]} 20. Rae1 {[%emt 0:06:38]} Qf6 {[%emt 0:00:03]} 21. Nf3 {[%emt 0:14:28]} Rb8 {[%emt 0:26:39]} 22. Kh1 {[%emt 0:06:07]} Kd8 {[%emt 0:06:47]} 23. Nbd4 {[%emt 0:04:00]} Kc8 {[%emt 0:04:18]} 24. Bg5 {[%emt 0:01:15]} Qf7 {[%emt 0:00:46]} 25. Bxe7 {[%emt 0:00:18]} Qxe7 {[%emt 0:00:45]} 26. Nxe6 {[%emt 0:06:51]} Bxe6 {[%emt 0:02:10]} 27. Nd4 {[%emt 0:00:07]} Nf8 {[%emt 0:03:02]} 28. Qh6 {[%emt 0:03:07]} Qxc5 {[%emt 0:04:10]} 29. Nxe6 {[%emt 0:01:05]} Nxe6 {[%emt 0:00:08]} 30. Rxe6 {[%emt 0:00:07]} Kb7 {[%emt 0:00:39]} 31. Rxf5 {[%emt 0:01:13]} Rbf8 {[%emt 0:02:59]} 32. Qg7+ {[%emt 0:02:22]} Kb6 {[%emt 0:01:01]} 33. Rff6 {[%emt 0:02:57]} Rxf6 {[%emt 0:01:52]} 34. Qxf6 {[%emt 0:00:32]} Rc8 {[%emt 0:01:40]} 35. h3 {[%emt 0:01:18]} a5 36. Re7 {[%emt 0:02:28]} Rc7 {[%emt 0:06:05]} 37. Rxc7 {[%emt 0:01:26]} Kxc7 {[%emt 0:00:01]} 38. Qf7+ {[%emt 0:00:14]} Kb6 {[%emt 0:00:06]} 39. Qxh7 {[%emt 0:00:28]} Qf2 {[%emt 0:00:25]} 40. Qb1 {[%emt 0:00:11]} c5 {[%emt 0:00:52]} 41. a4 {[%emt 0:03:56]} d4 {[%emt 0:01:01]} 42. cxd4 {[%emt 0:00:05]} cxd4 43. b4 {[%emt 0:00:12]} axb4 {[%emt 0:01:19]} 44. Qxb4+ {[%emt 0:00:05]} Kc6 {[%emt 0:01:33]} 45. Qb5+ {[%emt 0:02:28]} Kd6 {[%emt 0:00:39]} 46. Qd3 {[%emt 0:02:20]} Qe1+ {[%emt 0:02:09]} 47. Kh2 {[%emt 0:00:05]} Qc3 {[%emt 0:00:24]} 48. Qg6+ {[%emt 0:01:04]} Kc5 {[%emt 0:01:29]} 49. Qf5+ {[%emt 0:00:53]} Kb4 {[%emt 0:00:13]} 50. a5 {[%emt 0:06:13]} d3 {[%emt 0:00:26]} 51. a6 {[%emt 0:00:26]} Qc7+ {[%emt 0:00:14]} 52. Kg1 {[%emt 0:01:04]} d2 {[%emt 0:01:36]} 53. Qb1+ {[%emt 0:03:52]} Kc3 {[%emt 0:00:04]} 54. Qa1+ {[%emt 0:03:57]} Kd3 {[%emt 0:00:16]} 55. Qb1+ {[%emt 0:01:15]} Kc3 {[%emt 0:00:43]} 56. Qa1+ {[%emt 0:01:07]} Kd3 {[%emt 0:00:03]} 57. Qb1+ {[%emt 0:00:14]} Kd4 {[%emt 0:00:44]} 58. Qb4+ {[%emt 0:00:42]} Kd3 {[%emt 0:00:58]} 59. Qb1+ {[%emt 0:01:07]} Kc3 {[%emt 0:00:54]} 60. Qa1+ {[%emt 0:00:40]} Kd3 {[%emt 0:00:21]} 61. Qb1+ {[%emt 0:00:48]} Qc2 {[%emt 0:00:42]} 62. Qf1+ {[%emt 0:00:08]} Ke3 {[%emt 0:00:25]} 63. Qf2+ {[%emt 0:01:35]} Kd3 {[%emt 0:00:29]} 64. Qf1+ {[%emt 0:00:14]} Ke3 {[%emt 0:00:17]} 65. Qf2+ {[%emt 0:00:17]} Ke4 {[%emt 0:00:17]} 66. Qh4+ {[%emt 0:00:55]} Kd3 {[%emt 0:00:18]} 67. Qg3+ {[%emt 0:00:17]} Kd4 {[%emt 0:01:04]} 68. Qf2+ {[%emt 0:00:46]} Kc4 {[%emt 0:00:16]} 69. Qf1+ {[%emt 0:00:14]} Qd3 {[%emt 0:00:46]} 70. Qd1 {[%emt 0:00:15]} Qe3+ {[%emt 0:00:50]} 1/2-1/2